Szabad akarat
Elmentve itt :
| Szerző: | |
|---|---|
| Dokumentumtípus: | Cikk |
| Megjelent: |
1894
|
| Sorozat: | Kolligátum
|
| Kulcsszavak: | Magyar irodalom története - 18-19. sz. |
| Online Access: | http://misc.bibl.u-szeged.hu/24652 |
| LEADER | 00537nab a2200169 i 4500 | ||
|---|---|---|---|
| 001 | misc24652 | ||
| 005 | 20191111110634.0 | ||
| 008 | 170914s1894 hu o 0|| zxx d | ||
| 040 | |a SZTE Miscellanea Repozitórium |b hun | ||
| 041 | |a zxx | ||
| 100 | 1 | |a Bessenyei György | |
| 245 | 1 | 0 | |a Szabad akarat |h [elektronikus dokumentum] / |c Bessenyei György |
| 260 | |c 1894 | ||
| 300 | |a 9-11 | ||
| 490 | 0 | |a Kolligátum | |
| 695 | |a Magyar irodalom története - 18-19. sz. | ||
| 856 | 4 | 0 | |u http://misc.bibl.u-szeged.hu/24652/1/011_024_009-011.pdf |z Dokumentum-elérés |